Bioquímica fundamental

Bibliographic Details
Main Authors: Peña Diaz, Antonio, Arroyo, Angel
Format: Section = Libro
Language:Undetermined
Spanish
Published: México Limusa 2006
Edition:4a.ed.
Subjects:
LEADER 00595nam a2200241Ia 4500
008 240829s9999 xx 000 0 und d
020 |a 968-18-5231-1 
040 |a BIBLIOTECA-RUSB/ 574.192 B615 
041 |a spa 
082 |a 574.192 B615 
100 1 |a Peña Diaz, Antonio 
100 1 |b  Arroyo, Angel 
245 1 0 |a Bioquímica fundamental 
250 |a 4a.ed. 
260 |a México  |b Limusa  |c 2006 
300 |a 736 p. :il. 
650 7 |a BIOQUIMICA 
650 7 |b  ATOMOS-IONES-MOLECULA 
650 7 |c  AGUA-COMPONENTE 
650 7 |d  HERENCIA 
942 |c BK  |2 ddc 
991 |a TEXTO 
999 |c 2578